Statistics for Things that start with E

Click here to take the quiz!

General Stats

  • This quiz has been taken 52 times
  • The average score is 7 of 9

Answer Stats

Answer% Correct
Eagle
100%
Ear
100%
Earth
100%
Eye
100%
Elephant
98%
Europe
90%
Entertainment
67%
Earing
56%
Evergreen tree
8%

Score Distribution

Percentile by Number Answered

Percent of People with Each Score

Your Score History

You have not taken this quiz